• 首页
  • 本馆介绍
  • 公告通知
  • 最新文献
  • 馆藏检索
  • 电子资源
  • 读者导购
  • 参考咨询
  • 我的图书馆
  • 登录
  • 详细信息显示
  • 放入我的书架
  • 预约/预借图书
  • 作者相关作品
  • 分类相关作品
  • 丛书相关作品
  • 出版社相关作品

书目信息

  • 表格格式
  • 工作单格式
  • 卡片格式
题名:
草书大字典
    
 
作者: ;中国书店 编
分册: 下册  
出版信息: 北京   中国书店  1983
页数: 1135-1754页
开本: 19cm
丛书名:
单 册:
中图分类: J292.34
科图分类:
主题词: 草书--书法
电子资源:
ISBN: 7-80568-063-9
000 00648nam0 2200229 45
001 0197034306
005 20050427094853.9
010    @a7-80568-063-9@b精装@dCNY18.00
100    @a19971020e19951983em y0chiy0121 ea
101 0  @achi
102    @aCN@b110000
105    @ay e 000yy
200 10 @a草书大字典@Acao shu da zi dian@h下册@f中国书店编@FZhong Guo Shu Dian Bian
205    @a影印本
210    @a北京@c中国书店@d1983@h1990重印
215    @a1135-1754页@d19cm
300    @a据上海扫叶山房石印本影印
606    @a草书@x书法
690    @aJ292.34@v3
711 02 @a中国书店@4编
801  0 @aCN@bNLC@c19971031
905    @dJ292.34@e111:3@f1@b253133
    
    草书大字典.下册/中国书店编.-影印本.-北京:中国书店,1983(1990重印)
    1135-1754页;19cm
    据上海扫叶山房石印本影印
    
    ISBN 7-80568-063-9(精装):CNY18.00
    
●
相关链接 在E读中查询图书 在五车中查询图书 在当当中查询图书 在豆瓣中查询图书


正题名:草书大字典     索取号:J292.34/111:3         预约/预借

序号 登录号 条形码 馆藏地/架位号 状态 备注
1 0253133   000792681   工具书阅览室/ [索取号:J292.34/111:3] 在馆    
唐山师范学院图书馆 欢迎您!
大连网信软件有限公司© 版权所有